| 000 | 00503nam a22001817a 4500 | ||
|---|---|---|---|
| 008 | 230807b |||||||| |||| 00| 0 eng d | ||
| 040 |
_aNational Science Library _cNational Science Library |
||
| 080 | _a576.8.097(05) | ||
| 245 | _aAdvances in immunology | ||
| 260 |
_aNew York: _bAcademic Press, _c1962 |
||
| 300 | _ax, 390p. | ||
| 500 | _aVol. 2, 1962 | ||
| 650 | _aImmunology | ||
| 653 | _aScience | ||
| 700 | _aTaliaferro, W H (Ed.) | ||
| 700 | _aHumphrey, J H (Ed.) | ||
| 942 |
_2udc _cBK |
||
| 999 |
_c65933 _d65933 |
||